000 00553nam a2200193Ia 4500
008 230125s9999 xx 000 0 und d
020 _a1-84112-191-6
041 _aeng
082 _a658.8
_bLAM
100 _aLamont D
_9109834
245 _aGlobal Marketing
260 _c2002
_bCapstone publication
_aLondon
300 _a132p
440 _aEssential Management Thinking At Your Fingertips Series
_9107434
500 _aGlobalization;Series Book;Marketing Series Book
700 _aLamont D
_9109834
906 _b24
999 _c86514
_d86514